Colección legislativa sobre la contabilidad de obras públicas precedida de un resumen alfabético por materias y de algunas observaciones acerca de la documentación mensual (Record no. 153714)
[ view plain ]
| 000 -LEADER | |
|---|---|
| campo de control de longitud fija | 01022nam a22001935i 4500 |
| 001 - NÚMERO DE CONTROL | |
| campo de control | 153714 |
| 003 - IDENTIFICADOR DE NÚMERO DE CONTROL | |
| campo de control | ES-MaACL |
| 005 - FECHA Y HORA DE LA ÚLTIMA TRANSACCIÓN | |
| campo de control | 20250827062626.0 |
| 008 - DATOS DE LONGITUD FIJA--INFORMACIÓN GENERAL | |
| campo de control de longitud fija | 940202s1873 sp |||| | spa d |
| 040 ## - FUENTE DE CATALOGACIÓN | |
| Centro catalogador/agencia de origen | AS |
| Lengua de catalogación | spa |
| 110 1# - ENTRADA PRINCIPAL--NOMBRE DE ENTIDAD CORPORATIVA | |
| Nombre de entidad corporativa o nombre de jurisdicción como elemento de entrada | España |
| 9 (RLIN) | 3622 |
| 240 10 - TÍTULO UNIFORME | |
| Título uniforme | Leyes, etc. sobre obras públicas |
| 245 10 - MENCIÓN DEL TÍTULO | |
| Título | Colección legislativa sobre la contabilidad de obras públicas precedida de un resumen alfabético por materias y de algunas observaciones acerca de la documentación mensual |
| Resto del título | : obra de constante consulta y de utilidad... comprende las leyes, decretos, órdenes, circulares y demás disposiciones que tiene aplicación a la contabilidad desde 1846 hasta 30 de mayo de 1873 / |
| Mención de responsabilidad, etc. | recopilación hecha por Toribio Martínez. |
| 260 ## - PUBLICACIÓN, DISTRIBUCIÓN, ETC. | |
| Lugar de publicación, distribución, etc. | Madrid : |
| Nombre del editor, distribuidor, etc. | [s.n.], |
| Fecha de publicación, distribución, etc. | 1873 ( |
| Fabricante | Imprenta de Manuel Minuesa) |
| 300 ## - DESCRIPCIÓN FÍSICA | |
| Extensión | XXXV, 315 p. ; |
| Dimensiones | 22 cm. |
| 700 11 - ENTRADA AGREGADA--NOMBRE PERSONAL | |
| Nombre de persona | Martínez, Toribio. |
| 9 (RLIN) | 129664 |
| 852 ## - LOCALIZACIÓN | |
| Ubicación | ES-MaACL |
| Número de control de estantería | T-269-F-2 |
| Nota libre | -- Enc. hol. |
| condición física | -- Falto de la cub. original |
| Nota libre | -- Enc. en un vol. facticio |
| Estatus retirado | Estado de pérdida | Estado de daño | No para préstamo | Colección | Biblioteca de origen | Biblioteca actual | Ubicación en estantería | Fecha de adquisición | Total de préstamos | Signatura topográfica completa | Código de barras | Visto por última vez | Precio de reemplazo | Tipo de ítem Koha |
|---|---|---|---|---|---|---|---|---|---|---|---|---|---|---|
| Colección de folletos | Biblioteca del Ateneo de Madrid | Biblioteca del Ateneo de Madrid | Depósito folletos | 17/01/2008 | T-269-F-2 | 1160699 | 23/02/2023 | 23/02/2023 | Folleto |
